<?xml version="1.0" encoding="UTF-8"?>
<collection xmlns="http://www.loc.gov/MARC21/slim">
 <record>
  <leader>00348pamaa2200133   4500</leader>
  <controlfield tag="001">0000020873</controlfield>
  <controlfield tag="005">20070115090000.0</controlfield>
  <datafield tag="020" ind1="0" ind2="0">
   <subfield code="a">0553283383 </subfield>
  </datafield>
  <datafield tag="090" ind1="0" ind2="0">
   <subfield code="a">PR9199.3.D35 </subfield>
   <subfield code="b">LIN 1990</subfield>
  </datafield>
  <datafield tag="100" ind1="1" ind2="0">
   <subfield code="a">LINT </subfield>
  </datafield>
  <datafield tag="245" ind1="1" ind2="4">
   <subfield code="a">The dungeon : </subfield>
   <subfield code="b">the hidden city  </subfield>
   <subfield code="c">Charles de Lint.</subfield>
  </datafield>
  <datafield tag="260" ind1="0" ind2="0">
   <subfield code="a">London: </subfield>
   <subfield code="b">Bantam Books, </subfield>
   <subfield code="c">1990.</subfield>
  </datafield>
  <datafield tag="300" ind1=" " ind2=" ">
   <subfield code="a">261p.: </subfield>
   <subfield code="b">ill.; </subfield>
   <subfield code="c">18cm.</subfield>
  </datafield>
  <datafield tag="650" ind1="0" ind2="0">
   <subfield code="a">Fiction </subfield>
  </datafield>
 </record>
</collection>
